000 01417nam a2200253Ia 4500
999 _c49180
_d49180
001 16091
003 GE_BSU
005 20221128153730.0
008 181216s2014||||ge |||||||||||||| ||geo||
020 _a9789941451416
040 _cGE_BSU
041 _ageo
080 _a37.015.3 ტ-39
100 _aტაფი, პოლ
_916167
245 _aროგორ აღწევენ ბავშვები წარმატებას = How children succeed :
_bშეუპოვრობა, ცნობისმოყვარეობა და ხასიათის უხილავი ძალა /
_cპოლ ტაფი ; მთარგმნ. ლელა დუმბაძე ; რედ. თინათინ ხომერიკი.
264 _aთბილისი :
_bსაუნჯე,
_c2014.
300 _a302 გვ. ;
_b20 სმ.
520 _aდაფინანსებულია საქართველოში აშშ-ის საელჩოს წიგნების თარგმნის პროგრამის ფარგლებში.
541 _h2ლ.
653 _aბავშვთა ფსიქოლოგია
700 _aდუმბაძე, ლელა
_eმთარგმნელი
_916168
700 _aხომერიკი, თინათინ
_eრედაქტორი
_916169
942 _cBK
_2udc